000 00282nam a2200109Ia 4500
005 20251222144814.0
008 251222s9999||||xx |||||||||||||| ||spa||
082 _a371.334/M61P
245 0 _aProductividad en el Salón de Clases:
264 _bMinisterio de Educación
942 _cLIB
999 _c20212
_d20212